| 000 | 00788nam a2200265Ia 4500 | ||
|---|---|---|---|
| 001 | Z_185 | ||
| 003 | CHAP | ||
| 008 | 220113s1988 xx 000 0 und d | ||
| 010 | _a163157 | ||
| 040 | _cCHAP | ||
| 082 | _a338.173492 F56 | ||
| 100 | 1 |
_aFlores Verduzco, Juan José _941784 |
|
| 245 |
_aSistema agroindustrial producción intensiva de carne y huevo / _cpor Juan José Flores Verdusco |
||
| 260 |
_aChapingo, Méx. : _bUACh. Centro Regional Universitario de Occidente, _c1988 |
||
| 300 | _a94 p. | ||
| 650 |
_aCarne _xProducción _919109 |
||
| 650 |
_aHuevos _xProducción I. t. _9137406 |
||
| 710 |
_aUACh. Centro Regional Universitario de Occidente _9137407 |
||
| 901 | _a338.173492 F56 | ||
| 902 | _aM | ||
| 910 | _a1988 | ||
| 942 | _c1 | ||
| 942 | _cc1 | ||
| 999 |
_c163157 _d163157 |
||